Music Quiz

Random Music or Kpop Quiz

Can you guess the pretty male idols dressed as a girl? Quiz Stats

 Plays Quiz not verified by Sporcle

Score 0/15 Timer 10:00
0 Plays Today
% Correct
GD
95.3%
Taemin
94.7%
Xiumin
94.2%
Suho
92.5%
Heechul
88.7%
Ren
86.6%
N
83.4%
Ryeowook
73.2%
% Correct
Hongki
73.1%
Sungyeol
73%
Sungjong
70.9%
Jinhwan
69.2%
Jaejoong
66.7%
Sandeul
64.4%
Sungmin
62.2%

You're not logged in!

Compare scores with friends on all Sporcle quizzes.
OR
Log In

Sporcle TV

Today on Sporcle TV


Watch our educational content, quiz creation guides, and fun videos on Sporcle TV.

Show Comments

Extras

Created Jul 27, 2016ReportNominate
Tags:Kpop Quiz, Kpop Quiz

Top Quizzes Today


Score Distribution

Your Account Isn't Verified!

In order to create a playlist on Sporcle, you need to verify the email address you used during registration. Go to your Sporcle Settings to finish the process.

Report this User

Report this user for behavior that violates our Community Guidelines.

Details: